• 首页
  • 本馆介绍
  • 公告通知
  • 最新文献
  • 馆藏检索
  • 电子资源
  • 读者导购
  • 参考咨询
  • 我的图书馆
  • 登录
  • 详细信息显示
  • 放入我的书架
  • 预约/预借图书
  • 作者相关作品
  • 分类相关作品
  • 丛书相关作品
  • 出版社相关作品

书目信息

  • 表格格式
  • 工作单格式
  • 卡片格式
题名:
习惯的养成与改变
    
 
作者: 王晓春 著
分册:  
出版信息: 上海   华东师范大学出版社  2015.11
页数: 213页
开本: 23cm
丛书名: 大夏书系
单 册:
中图分类: G635.5
科图分类:
主题词: 中小学生--习惯性--能力培养
电子资源:
ISBN: 978-7-5675-3857-3
000 00893oam2 2200265 450
001 007612735
005 20160513094217.92
010    @a978-7-5675-3857-3@dCNY35.00
100    @a20151216d2015 em y0chiy50 ea
101 0  @achi
102    @aCN@b310000
105    @ay z 000yy
106    @ar
200 1  @a习惯的养成与改变@9xi guan de yang cheng yu gai bian@f王晓春著
210    @a上海@c华东师范大学出版社@d2015.11
215    @a213页@d23cm
225 2  @a大夏书系@i教师专业发展
330    @a本书共分为七辑,包括:教育就是“养成好习惯”吗、习惯究竟是什么、如何从不同视角给习惯分类、习惯是怎样形成的、怎样培养好习惯、怎样改变不良习惯等。
333    @a教育工作者
462  0 @12001 @a大夏书系@i教师专业发展
606 0  @a中小学生@x习惯性@x能力培养
690    @aG635.5@v5
701  0 @a王晓春@9wang xiao chun@4著
801  0 @aCN@b人天书店@c20151216
905    @b876214-19@dG635.5@e1178@f6
    
    习惯的养成与改变/王晓春著.-上海:华东师范大学出版社,2015.11
    213页;23cm.-(大夏书系.教师专业发展)
    使用对象:教育工作者
    
    ISBN 978-7-5675-3857-3:CNY35.00
    本书共分为七辑,包括:教育就是“养成好习惯”吗、习惯究竟是什么、如何从不同视角给习惯分类、习惯是怎样形成的、怎样培养好习惯、怎样改变不良习惯等。
●
相关链接 在E读中查询图书 在五车中查询图书 在当当中查询图书 在豆瓣中查询图书


正题名:习惯的养成与改变     索取号:G635.5/1178         预约/预借

序号 登录号 条形码 馆藏地/架位号 状态 备注
1 876214   208762141   第一样本阅览室/ [索取号:G635.5/1178] 在馆    
2 876215   208762150   教育系资料室/ [索取号:G635.5/1178] 在馆    
3 876216   208762169   教育系资料室/ [索取号:G635.5/1178] 在馆    
4 876217   208762178   教育系资料室/ [索取号:G635.5/1178] 在馆    
5 876218   208762187   第四借阅区/ [索取号:G635.5/1178] 在馆    
6 876219   208762196   第四借阅区/ [索取号:G635.5/1178] 在馆    
唐山师范学院图书馆 欢迎您!
大连网信软件有限公司© 版权所有